| 000 | 00975nam a2200301 c 4500 | ||
|---|---|---|---|
| 003 | BLK | ||
| 005 | 20190913121201.0 | ||
| 008 | 180911b bul|||||r ||||||| ||bul|| | ||
| 010 | _a002098 | ||
| 040 | _aBLK | ||
| 041 | _aBUL | ||
| 080 | _z882-1 | ||
| 100 | 1 |
_aПУШКИН, Александър _eпърви автор |
|
| 245 | 0 | 0 | _aИзбрани стихотворения |
| 246 | _pлирика-стихотворения | ||
| 260 |
_aСофия _bЗнание _c1911 _fДен |
||
| 300 |
_a62 с _c15 см |
||
| 380 | _a82 | ||
| 490 | _aНова библ | ||
| 490 |
_aЧастна колекция - Академик Михаил Арнаудов _gДарение - Основен фонд |
||
| 653 |
_9 _aлирика |
||
| 653 |
_9 _aстихотворения |
||
| 655 | _aруска литература | ||
| 700 | 1 | _aА. С. Пушкин | |
| 700 | 1 |
_aДим. Нущаков _e Прев. |
|
| 852 | _aМА 1997 | ||
| 942 |
_cKNG _n0 |
||
| 944 |
_aCR _c1997 _kValK |
||
| 999 |
_c342459 _d342459 |
||